U.S. Capitals with letter missing - Statistics

General Stats
  • This quiz has been taken 34 times
  • The average score is 15 of 20
Answer Stats
Hint Answer % Correct
A_N_P_L_S Annapolis
100%
A_L_N_A Atlanta
100%
A_S_I_ Austin
100%
B_T_N _O_G_ Baton Rouge
100%
B_S_A_C_ Bismarck
100%
B_I_E Boise
100%
C_L_M_U_ Columbus
100%
D_S _O_N_S Des Moines
100%
H_R_F_R_ Hartford
100%
H_N_L_U Honolulu
100%
I_D_A_A_O_I_ Indianapolis
100%
J_C_S_N Jackson
100%
J_N_A_ Juneau
100%
L_N_I_G Lansing
100%
M_D_S_N Madison
100%
M_N_G_M_R_ Montgomery
100%
M_N_P_L_I_R Montpellier
100%
N_S_V_L_E Nashville
100%
O_L_H_M_ C_T_ Oklahoma City
100%
P_O_N_X Phoenix
100%
P_O_I_E_C_ Providence
100%
R_L_I_H Raleigh
100%
S_L_M Salem
100%
S_R_N_F_E_D Springfield
100%
T_L_A_A_S_E Tallahassee
100%
J_F_E_S_N _I_Y Jefferson City
80%
P_E_R_ Pierre
80%
A_B_Y Albany
67%
O_Y_P_A Olympia
67%
S_L_ L_K_ C_T_ Salt Lake City
67%
T_P_K_ Topeka
67%
T_E_T_N Trenton
67%
B_S_O_ Boston
50%
C_R_O_ C_T_ Carson City
50%
C_E_E_N_ Cheyenne
50%
C_N_O_D Concord
50%
D_N_E_ Denver
50%
F_A_K_O_R_ Frankfort
50%
H_R_I_B_R_ Harrisburg
50%
S_C_A_E_T_ Sacramento
50%
C_A_L_S_O_ Charleston
40%
R_C_M_N_ Richmond
40%
A_G_S_A Augusta
33%
H_L_N_ Helena
33%
L_T_L_ R_C_ Little Rock
33%
S_N_A _E Santa Fe
25%
C_L_M_I_ Columbia
0%
L_N_O_N Lincoln
0%
S_I_T _A_L Saint Paul
0%
No matching quizzes found
Score Distribution
Percent of People with Each Score
Percentile by Number Answered
Your Score History
You have not taken this quiz